000 00638cam a22001935a 4500
001 L140825
008 071015n xxk eng u
035 _a(Sirsi) u140825
041 0 _aeng
245 0 0 _aBush House, Aldwych, Strand, London, W.C.2
260 _aS.l.
_bs.n.
_c[1920?]
300 _a[16] p.
_bill, map, plans
_c30 cm.
340 _aPrinted
351 _cSingle item
500 _aA promotional brochure for Bush House, including artist's impressions, floor plans and a location plan. The building was forecast to be ready for occupation in Summer 1923.
651 4 _aLondon
690 _aBUILT ENVIRONMENT
942 _n0
999 _c116494
_d116494